00610pam a2200169 a 4500020002400000040001600024041000800040100002200048245009100070260005200161300001000213600001200223700002100235930000900256999001700265952015800282 a9789380207032c0.00 aPDPU_382007 aeng aPrasad, Amar Nath aThe champions of indian fiction in englishcEd By Amar Nath Prasad And Jaya Srivastava aJaipurbSunrise Publishers & Distributorsc2009 a210p. aFiction aSrivastava, Jaya a9097 c86003d86003 001040708ReferenceaYMPbYMPd2021-06-05eBharati Sahakari Madhyavarti Grahak Bhandarg695.00l0o pYMP-39159r2023-02-24 00:00:00t1w2023-02-24yBK